000 00928nam a2200253Ia 4500
003 OSt
005 20221005110640.0
006 a|||||r|||| 00| 0
007 ta
008 221004b |||||||| |||| 00| 0 hin d
024 _a32693
037 _cTextual
040 _aCRL
_cCRL
_bhin
041 _2hin
_ahin
082 _aO152vJ, Q0
100 _aद्विवेदी, हजारी प्रसाद
245 0 _aहिन्दी साहित्य की भूमिका
246 _aHindī sāhitya kī bhūmikā
260 _aनई दिल्ली
_bराजकमल प्रकाशन प्राइवेट लिमिटेड भारत
_c2010
300 _a245पृ.
_ccm.
650 _aहिन्दी साहित्य
942 _hO152vJ, Q0
_cTEXL
_2cc
999 _c1019469
_d1019469